NIPSIS časopis zaoberajúci sa otázkami teológie, filozofie, etiky a duchovnosti v spoločenskom kontexte

Bibliographic Details
Other Authors: Župina, Miroslav, 1973- (Publishing director)
Format: Journal
Language:Slovak
PhysicalDescription:5 zv. 20 cm
Published: Prešov Občianske združenie Filokalia 2006-2010
Prešov Prešovská univerzita
ISSN:1337-0111
Subjects:

MARC

LEADER 00000cas a2200000 a 4500
001 vtls009178815
003 SK-MaSNL
005 20260228161124.0
008 080129d20062010xo fr p 0 b0slo
022 |a 1337-0111 
035 |a (SVKBB)vtls000281848 
040 |a SVKBB  |b slo  |c SVKBB  |d SAVUK  |d SNK  |e AACR2 
041 0 |a slo  |b eng 
044 |a xo  |c SK 
072 7 |a 2-1  |x Prirodzená teológia. Náboženská filozofia  |2 konspekt 
072 7 |a 14  |x Filozofické systémy a hľadiská  |2 konspekt 
072 7 |a 27-4  |x Praktická teológia. Morálna teológia  |2 konspekt 
080 |a 271.2  |2 2011 
080 |a 14:27  |2 2011 
080 |a 27-42  |2 2011 
080 |a 2-1  |2 2011 
210 0 |a Nipsis 
222 0 |a Nipsis 
245 0 0 |a NIPSIS  |b časopis zaoberajúci sa otázkami teológie, filozofie, etiky a duchovnosti v spoločenskom kontexte 
260 |a Prešov  |b Občianske združenie Filokalia  |c 2006-2010 
260 3 |3 2008-  |a Prešov  |b Prešovská univerzita 
300 |a 5 zv.  |c 20 cm 
310 |a 2x ročne 
362 0 |a Roč. I, č. 1 (2006)-roč. V, č. 10 (2010) 
500 |a Reg. č. MK SR: 3600/2006 
500 |a Šéfredaktor: 2006-2010, Miroslav Župina 
515 |a Priebežné číslovanie 
546 |a Res. angl. 
550 |a Vydáva Občianske združenie Filokalia pre potreby Katedry systematického bohoslovia PBF PU v Prešove 
650 0 7 |a pravoslávie  |2 SNKPH  |9 4092 
650 0 7 |a kresťanská filozofia  |2 SNKPH  |9 805 
650 0 7 |a kresťanská etika  |2 SNKPH  |9 30117 
650 0 7 |a teológia  |2 SNKPH  |9 1814 
655 7 |a náboženské časopisy  |2 SNKPH  |9 70790 
700 1 |a Župina, Miroslav,  |d 1973-  |4 pbd  |9 242401 
710 2 |a Prešovská univerzita v Prešove.  |b Pravoslávna bohoslovecká fakulta.  |b Katedra systematického bohoslovia  |4 pbl  |9 268023 
910 |a savuk 
910 |a snk 
958 |a OND 
999 |c 4394  |d 6324 
952 |0 0  |1 0  |4 0  |7 0  |8 0  |a SNK  |b SNK  |d 2016-10-21  |i snk2016/24864  |l 0  |o snkČSC 3654/1/2006  |p 17A1203607  |r 2026-02-21 22:17:03  |t č. 1-2  |w 2026-02-21  |y PREZ 
952 |0 0  |1 0  |4 0  |7 0  |8 0  |a SNK  |b SNK  |d 2016-10-21  |i snk2016/24865  |l 0  |o snkČSC 3654/3/2008  |p 17A1203608  |r 2026-02-21 22:17:04  |t č. 5-6  |w 2026-02-21  |y PREZ 
952 |0 0  |1 0  |4 0  |7 0  |8 0  |a SNK  |b SNK  |d 2016-10-21  |i snk2016/24872  |l 0  |o snkČSC 3654/4/2009  |p 17A1203609  |r 2026-02-21 22:17:04  |t č. 7-8  |w 2026-02-21  |y PREZ 
952 |0 0  |1 0  |4 0  |7 0  |8 0  |a SNK  |b SNK  |d 2016-10-21  |i snk2016/24873  |l 0  |o snkČSC 3654/5/2010  |p 17A1203610  |r 2026-02-21 22:17:04  |t č. 9-10  |w 2026-02-21  |y PREZ 
952 |0 0  |1 0  |4 0  |7 0  |8 0  |a SNK  |b SNK  |d 2016-10-21  |i snk2016/24877  |l 0  |o snkČSC 3654/1/2006 D1  |p 17A1203611  |r 2026-02-21 22:17:04  |t č. 1-2  |w 2026-02-21  |y PREZ 
952 |0 0  |1 0  |4 0  |7 0  |8 0  |a SNK  |b SNK  |d 2016-10-21  |i snk2016/24879  |l 0  |o snkČSC 3654/3/2008 D1  |p 17A1203612  |r 2026-02-21 22:17:04  |t č. 5-6  |w 2026-02-21  |y PREZ 
952 |0 0  |1 0  |4 0  |7 0  |8 0  |a SNK  |b SNK  |d 2016-10-21  |i snk2016/24882  |l 0  |o snkČSC 3654/4/2009 D1  |p 17A1203613  |r 2026-02-21 22:17:04  |t č. 7-8  |w 2026-02-21  |y PREZ 
952 |0 0  |1 0  |4 0  |7 0  |8 0  |a SNK  |b SNK  |d 2016-10-21  |i snk2016/24883  |l 0  |o snkČSC 3654/5/2010 D1  |p 17A1203614  |r 2026-02-21 22:17:04  |t č. 9-10  |w 2026-02-21  |y PREZ